[Event "Sharjah Cup (Women) 10th"]
[Site "Sharjah"]
[Date "2020.01.09"]
[Round "7"]
[White "Sulejmanova, Ava"]
[Black "Shanya, Mishra"]
[Result "1-0"]
[WhiteElo "2213"]
[BlackElo "1907"]
[PlyCount "136"]
[EventDate "2020.01.04"]
[EventType "swiss"]
[EventRounds "9"]
[EventCountry "UAE"]
[SourceTitle "CBM 194 Extra"]
[Source "ChessBase"]
[SourceDate "2020.03.31"]
[SourceVersion "1"]
[SourceVersionDate "2020.03.31"]
[SourceQuality "1"]

1. Nf3 d5 2. g3 Nf6 3. Bg2 Bf5 4. 0-0 h6 5. d3 e6 6. Nbd2 Be7 7. e4 Bh7 8. Qe2 0-0 9. b3 a5 10. a3 c6 11. e5 Nfd7 12. Bb2 b5 13. Kh1 Na6 14. Ne1 b4 15. a4 c5 16. f4 Qb6 17. g4 f6 18. Nef3 Rae8 19. exf6 Bxf6 20. Bxf6 Nxf6 21. Ne5 Qd6 22. Ndf3 Nd7 23. g5 Bf5 24. Rg1 hxg5 25. Nxg5 Nxe5 26. fxe5 Qe7 27. Bf3 g6 28. Rg3 Kg7 29. h4 Rh8 30. h5 Rh6 31. Kg2 Reh8 32. Rh1 Kf8 33. Kg1 gxh5 34. Rxh5 Ke8 35. Rxh6 Rxh6 36. Qg2 c4 37. bxc4 Qc5+ 38. Kf1 b3 39. cxb3 Bxd3+ 40. Be2 Bxe2+ 41. Kxe2 Qd4 42. Nf3 Qe4+ 43. Kd2 Qf4+ 44. Kd1 Rh1+ 45. Qxh1 Qxg3 46. Qh8+ Kd7 47. Qf8 Nc7 48. cxd5 exd5 49. Qf5+ Ne6 50. Qf7+ Kd8 51. Qf6+ Kd7 52. Qf5 Qg2 53. Qd3 Qh1+ 54. Kd2 Qh6+ 55. Kc2 Nc7 56. Kb2 Qg7 57. Qf5+ Ke7 58. Nd4 Qg2+ 59. Ka3 Qd2 60. Nc6+ Ke8 61. Qc8+ Kf7 62. Qxc7+ Kf8 63. Nxa5 Qd1 64. Qc5+ Kg8 65. Nc6 d4 66. Nxd4 Qa1+ 67. Kb4 Qe1+ 68. Kb5 Kh8 1-0

[Event "Dubai op 21st"]
[Site "Dubai"]
[Date "2019.04.01"]
[Round "1"]
[White "Shanya, Mishra"]
[Black "Venkatesh, Marani Rajendran"]
[Result "0-1"]
[WhiteElo "2026"]
[BlackElo "2517"]
[PlyCount "78"]
[EventDate "2019.04.01"]
[EventType "swiss"]
[EventRounds "9"]
[EventCountry "UAE"]
[SourceTitle "CBM 189 Extra"]
[Source "ChessBase"]
[SourceDate "2019.05.31"]
[SourceVersion "1"]
[SourceVersionDate "2019.05.31"]
[SourceQuality "1"]

1. d4 g6 2. c4 Bg7 3. e4 d6 4. Be2 Nc6 5. Be3 e5 6. d5 Nd4 7. Nc3 c5 8. dxc6 bxc6 9. Nf3 c5 10. 0-0 Ne7 11. Nd5 Nxd5 12. cxd5 0-0 13. Nxd4 exd4 14. Bc1 f5 15. f3 Rb8 16. Bd3 Be5 17. f4 Bg7 18. Qf3 fxe4 19. Qxe4 Bg4 20. Qe1 Qd7 21. b3 Rbe8 22. Qg3 Be2 23. Rf2 Bxd3 24. Qxd3 Qf5 25. Qxf5 Rxf5 26. Bb2 Rxd5 27. g4 g5 28. f5 Bf6 29. Rd1 Rde5 30. b4 Re1+ 31. Rf1 Rxd1 32. Rxd1 Re2 33. Bc1 c4 34. a4 c3 35. h4 c2 36. Rf1 d3 37. hxg5 Bd4+ 38. Kh1 d2 39. Bxd2 Rxd2 0-1

[Event "Sharjah Masters 3rd"]
[Site "Sharjah"]
[Date "2019.03.24"]
[Round "3"]
[White "Shanya, Mishra"]
[Black "Boudriga, Mohamed Ali"]
[Result "1-0"]
[WhiteElo "2026"]
[BlackElo "2369"]
[PlyCount "123"]
[EventDate "2019.03.22"]
[EventType "swiss"]
[EventRounds "9"]
[EventCountry "UAE"]
[SourceTitle "CBM 189 Extra"]
[Source "ChessBase"]
[SourceDate "2019.05.31"]
[SourceVersion "1"]
[SourceVersionDate "2019.05.31"]
[SourceQuality "1"]

1. d4 d6 2. c4 g6 3. e4 Bg7 4. Nf3 Bg4 5. Be2 Bxf3 6. Bxf3 c6 7. Nc3 Qb6 8. d5 Nf6 9. 0-0 0-0 10. Rb1 Nbd7 11. Be3 Qc7 12. Be2 Rfc8 13. Qd2 a6 14. Rfc1 Qd8 15. f3 Ne8 16. b4 cxd5 17. cxd5 Nb6 18. a3 Nf6 19. Nd1 Nfd7 20. Qa2 Na4 21. Qd2 b5 22. Bd4 Bxd4+ 23. Qxd4 Rxc1 24. Rxc1 Rc8 25. Qd2 Rc7 26. Ne3 Qc8 27. Rxc7 Qxc7 28. Qc2 Qb6 29. Qd2 Qc7 30. Qc2 Nc3 31. Kf1 Nb6 32. Bd3 Nba4 33. Nd1 e6 34. dxe6 fxe6 35. Ke1 d5 36. exd5 exd5 37. Nxc3 Nxc3 38. Kd2 d4 39. Qb3+ Kg7 40. Qe6 Na4 41. g3 Nb2 42. Qe4 Qd6 43. Qb7+ Kh6 44. Qc8 Qe7 45. Be4 Nc4+ 46. Kd3 Nxa3 47. Qc5 Qf7 48. Kxd4 Nc4 49. Kc3 Qf6+ 50. Qd4 Qe7 51. Qd1 a5 52. Qc1+ Kg7 53. bxa5 Nxa5 54. Qb2 Qc5+ 55. Kd3+ Kh6 56. Qd2+ g5 57. Qxa5 Qc4+ 58. Ke3 Qc5+ 59. Ke2 Qc4+ 60. Bd3 Qe6+ 61. Kf2 Qa2+ 62. Qxa2 1-0

[Event "Sharjah Cup (Women) 9th"]
[Site "Sharjah"]
[Date "2018.12.19"]
[Round "8"]
[White "Kiolbasa, Oliwia"]
[Black "Shanya, Mishra"]
[Result "1-0"]
[WhiteElo "2244"]
[BlackElo "1978"]
[PlyCount "37"]
[EventDate "2018.12.14"]
[EventType "swiss"]
[EventRounds "9"]
[EventCountry "UAE"]
[SourceTitle "CBM 187 Extra"]
[Source "ChessBase"]
[SourceDate "2018.11.04"]
[SourceVersion "1"]
[SourceVersionDate "2018.11.04"]
[SourceQuality "1"]

1. e4 c5 2. Nf3 e6 3. d4 cxd4 4. Nxd4 Nc6 5. Nc3 Qc7 6. Be2 a6 7. 0-0 b5 8. Nxc6 dxc6 9. a4 Rb8 10. axb5 cxb5 11. e5 Bb7 12. Nxb5 axb5 13. Bxb5+ Bc6 14. Ra7 Qc8 15. Qf3 Be7 16. Bxc6+ Kf8 17. Rd1 f5 18. Rdd7 h6 19. b3 1-0

[Event "Sharjah Cup (Women) 9th"]
[Site "Sharjah"]
[Date "2018.12.16"]
[Round "4"]
[White "Greibrokk, Ingrid Andrea"]
[Black "Shanya, Mishra"]
[Result "0-1"]
[WhiteElo "1857"]
[BlackElo "1978"]
[PlyCount "96"]
[EventDate "2018.12.14"]
[EventType "swiss"]
[EventRounds "9"]
[EventCountry "UAE"]
[SourceTitle "CBM 187 Extra"]
[Source "ChessBase"]
[SourceDate "2018.11.04"]
[SourceVersion "1"]
[SourceVersionDate "2018.11.04"]
[SourceQuality "1"]

1. c4 Nf6 2. Nc3 d5 3. cxd5 Nxd5 4. g3 e5 5. Bg2 Nb6 6. Nf3 Nc6 7. 0-0 Be7 8. d3 0-0 9. a3 a5 10. b3 Be6 11. Bb2 f6 12. Rc1 Bd6 13. d4 Nxd4 14. Nxd4 exd4 15. Nb5 c5 16. e3 a4 17. Nxd6 Qxd6 18. exd4 axb3 19. dxc5 Qxd1 20. Rfxd1 Na4 21. Rd6 Bf5 22. Bxb7 Rab8 23. Bd5+ Kh8 24. c6 Nxb2 25. c7 Rbe8 26. Bc6 Rc8 27. Bb7 Na4 28. Bxc8 Bxc8 29. Rcd1 b2 30. Rd8 Kg8 31. Kg2 Bb7+ 32. f3 Nc3 33. Re1 b1Q 34. Rxb1 Nxb1 35. Rb8 Nxa3 36. Rxb7 Nc4 37. Rb8 Nd6 38. f4 Kf7 39. Rxf8+ Kxf8 40. f5 Ke7 41. Kf3 Kd7 42. g4 Nf7 43. h4 Kxc7 44. Kf4 h6 45. g5 hxg5+ 46. hxg5 Nxg5 47. Kg4 Nf7 48. Kh5 Ne5 0-1

[Event "Wch U16 Girls"]
[Site "Porto Carras"]
[Date "2018.10.30"]
[Round "11.17"]
[White "Hercog, Nusa"]
[Black "Shanya, Mishra"]
[Result "1/2-1/2"]
[WhiteElo "2017"]
[BlackElo "1924"]
[PlyCount "68"]
[EventDate "2018.10.20"]
[EventType "swiss"]
[EventRounds "11"]
[EventCountry "GRE"]
[SourceTitle "CBM 187 Extra"]
[Source "ChessBase"]
[SourceDate "2018.11.04"]
[SourceVersion "1"]
[SourceVersionDate "2018.11.04"]
[SourceQuality "1"]

1. d4 Nf6 2. c4 e6 3. Nf3 d5 4. Nc3 c6 5. Qb3 dxc4 6. Qxc4 b5 7. Qd3 Nbd7 8. Bg5 Be7 9. e4 b4 10. Na4 Qa5 11. b3 e5 12. Be2 0-0 13. 0-0 Rd8 14. Qc4 exd4 15. Qxc6 Nb6 16. Nxb6 axb6 17. e5 Nd5 18. Bxe7 Nxe7 19. Qc7 Rd7 20. Qc2 Bb7 21. Rfe1 Rc8 22. Qd2 Ng6 23. e6 fxe6 24. Bc4 Rxc4 25. bxc4 Bxf3 26. gxf3 Qf5 27. Re4 Qxf3 28. Qe2 Qc3 29. Rd1 e5 30. Rxe5 Nxe5 31. Qxe5 Rd8 32. Qe6+ Kh8 33. Qxb6 Rc8 34. Qxd4 h6 1/2-1/2

[Event "Wch U16 Girls"]
[Site "Porto Carras"]
[Date "2018.10.29"]
[Round "10.9"]
[White "Shanya, Mishra"]
[Black "Serikbay, Assel"]
[Result "0-1"]
[WhiteElo "1924"]
[BlackElo "2166"]
[PlyCount "84"]
[EventDate "2018.10.20"]
[EventType "swiss"]
[EventRounds "11"]
[EventCountry "GRE"]
[SourceTitle "CBM 187 Extra"]
[Source "ChessBase"]
[SourceDate "2018.11.04"]
[SourceVersion "1"]
[SourceVersionDate "2018.11.04"]
[SourceQuality "1"]

1. d4 d5 2. c4 c6 3. Nf3 Nf6 4. Nc3 a6 5. c5 Nbd7 6. Bf4 Nh5 7. Bd2 Nhf6 8. Bf4 Nh5 9. Bd2 Nhf6 10. h3 Qc7 11. g3 e5 12. dxe5 Nxe5 13. Nxe5 Qxe5 14. Bf4 Qe6 15. Qd4 Nd7 16. Na4 Be7 17. Bg2 0-0 18. 0-0 Bf6 19. Qd2 Be5 20. Rfe1 f5 21. Rac1 Rb8 22. b4 Nf6 23. Bxe5 Qxe5 24. f4 Qe7 25. Qd4 Ne4 26. Kh2 h5 27. h4 Rf6 28. Rcd1 Rg6 29. Rd3 Nxg3 30. Rxg3 Qxh4+ 31. Rh3 Qxe1 32. Qe5 h4 33. Rf3 Kh7 34. Bf1 Be6 35. Qxb8 Qxb4 36. Nc3 Qxc5 37. Bg2 d4 38. Nd1 Bd5 39. Qe5 Qc2 40. Qxd4 Qxe2 41. Qf2 Qxd1 42. Qxh4+ Rh6 0-1

[Event "Sharjah Masters 2nd"]
[Site "Sharjah"]
[Date "2018.04.13"]
[Round "2"]
[White "Yakubboev, Nodirbek"]
[Black "Shanya, Mishra"]
[Result "1-0"]
[WhiteElo "2482"]
[BlackElo "1922"]
[PlyCount "91"]
[EventDate "2018.04.12"]
[EventType "swiss"]
[EventRounds "9"]
[EventCountry "UAE"]
[SourceTitle "CBM 184 Extra"]
[Source "ChessBase"]
[SourceDate "2018.06.28"]
[SourceVersion "1"]
[SourceVersionDate "2018.06.28"]
[SourceQuality "1"]

1. Nf3 Nf6 2. c4 e6 3. b3 d5 4. Bb2 g6 5. e3 Bg7 6. Nc3 0-0 7. Rc1 b6 8. d4 Bb7 9. Bd3 Nbd7 10. cxd5 Nxd5 11. Nxd5 Bxd5 12. 0-0 c5 13. e4 Bb7 14. Ba3 Re8 15. dxc5 Nxc5 16. Bxc5 bxc5 17. Qe2 Qa5 18. h4 Red8 19. Bc4 Qc7 20. Ba6 Bxa6 21. Qxa6 Bd4 22. Kh1 Qf4 23. Qe2 Qg4 24. Kh2 e5 25. g3 Qe6 26. Kg2 h6 27. h5 g5 28. Rc4 a5 29. Rfc1 Ra7 30. R1c2 Rb8 31. Nxd4 cxd4 32. Rc6 Qd7 33. Rxh6 Kg7 34. Rcc6 Rc8 35. Rcd6 Qe7 36. Qf3 Rh8 37. Rhf6 Rd7 38. Rc6 Rg8 39. Qf5 Rc7 40. Qxg5+ Kf8 41. Qh6+ Ke8 42. Rxc7 Qxc7 43. Rc6 Qd7 44. Qf6 d3 45. Qxe5+ Kf8 46. Rb6 1-0

[Event "Al Ain U20 op 1st"]
[Site "Al Ain"]
[Date "2017.12.31"]
[Round "3"]
[White "Shanya, Mishra"]
[Black "Gholami, Aryan"]
[Result "0-1"]
[WhiteElo "1902"]
[BlackElo "2499"]
[PlyCount "68"]
[EventDate "2017.12.30"]
[EventType "swiss"]
[EventRounds "9"]
[EventCountry "UAE"]
[SourceTitle "CBM 182 Extra"]
[Source "ChessBase"]
[SourceDate "2018.02.23"]
[SourceVersion "1"]
[SourceVersionDate "2018.02.23"]
[SourceQuality "1"]

1. d4 Nf6 2. c4 e6 3. Nc3 Bb4 4. Qc2 b6 5. a3 Bxc3+ 6. Qxc3 Bb7 7. f3 d5 8. e3 0-0 9. Bd3 c5 10. dxc5 bxc5 11. Ne2 Nbd7 12. 0-0 a5 13. cxd5 exd5 14. b3 Re8 15. Ng3 Qb6 16. Nf5 Ne5 17. Bc2 g6 18. Nh6+ Kg7 19. e4 d4 20. Qb2 c4 21. Kh1 c3 22. Qb1 Ba6 23. Rd1 Rad8 24. Bd3 Nxd3 25. Rxd3 Qb5 26. Rd1 d3 27. Ng4 Nxg4 28. fxg4 Rxe4 29. Bb2 cxb2 30. Qxb2+ Qe5 31. Qf2 Re2 32. Qf3 d2 33. Rf1 Re1 34. Qxf7+ Kh8 0-1

[Event "Senta op 21st"]
[Site "Senta"]
[Date "2017.07.31"]
[Round "9"]
[White "Meszaros, Bela"]
[Black "Shanya, Mishra"]
[Result "1-0"]
[WhiteElo "2185"]
[BlackElo "1779"]
[PlyCount "63"]
[EventDate "2017.07.24"]
[EventType "swiss"]
[EventRounds "9"]
[EventCountry "SRB"]
[SourceTitle "CBM 179 Extra"]
[Source "ChessBase"]
[SourceDate "2017.08.23"]
[SourceVersion "1"]
[SourceVersionDate "2017.08.23"]
[SourceQuality "1"]

1. e4 c5 2. Nf3 e6 3. d3 Nc6 4. Nbd2 g6 5. g3 Bg7 6. Bg2 Nge7 7. 0-0 d5 8. exd5 exd5 9. Nb3 b6 10. c3 0-0 11. a4 Bb7 12. Bf4 Rc8 13. a5 Nf5 14. axb6 axb6 15. Bh3 Nce7 16. Ra7 Ba8 17. Ne5 Bxe5 18. Bxe5 Nc6 19. Bxf5 gxf5 20. Rxa8 Rxa8 21. Bf4 Qf6 22. d4 cxd4 23. Nxd4 Nxd4 24. cxd4 Qg6 25. Qb3 Qe6 26. Be5 Rfc8 27. h4 Rc4 28. Rd1 Raa4 29. Qe3 Rc6 30. Qg5+ Kf8 31. Qd8+ Qe8 32. Bg7+ 1-0

[Event "Senta op 21st"]
[Site "Senta"]
[Date "2017.07.25"]
[Round "2"]
[White "Farkas, Tibor"]
[Black "Shanya, Mishra"]
[Result "1-0"]
[WhiteElo "2309"]
[BlackElo "1779"]
[PlyCount "73"]
[EventDate "2017.07.24"]
[EventType "swiss"]
[EventRounds "9"]
[EventCountry "SRB"]
[SourceTitle "CBM 179 Extra"]
[Source "ChessBase"]
[SourceDate "2017.08.23"]
[SourceVersion "1"]
[SourceVersionDate "2017.08.23"]
[SourceQuality "1"]

1. e4 c5 2. Nf3 e6 3. d4 cxd4 4. Nxd4 Nc6 5. Nc3 Qc7 6. g3 a6 7. Bg2 Be7 8. 0-0 d6 9. Re1 Bd7 10. Nxc6 Bxc6 11. a4 h5 12. h3 Nf6 13. a5 Kf8 14. Be3 Nd7 15. Qd2 b5 16. axb6 Nxb6 17. b3 Nd7 18. Na4 Qb7 19. Bd4 Rd8 20. Nb2 e5 21. Bc3 Nc5 22. Ba5 Rd7 23. Qb4 Ne6 24. Qxb7 Rxb7 25. Bc3 Bb5 26. Bf1 Rc7 27. Nc4 h4 28. g4 Nf4 29. Kh2 g6 30. Red1 Ne6 31. Ra2 Ng5 32. Bd3 Ne6 33. Ba5 Rc6 34. Bb4 Nd4 35. Na5 Bxd3 36. Rxd3 Nxc2 37. Nxc6 1-0

[Event "IND-ch U13 Girls"]
[Site "Gujarath"]
[Date "2016.07.30"]
[Round "11"]
[White "Dhyana, Patel"]
[Black "Shanya, Mishra"]
[Result "1-0"]
[WhiteElo "1486"]
[BlackElo "1804"]
[PlyCount "85"]
[EventDate "2016.07.22"]
[EventType "swiss"]
[EventRounds "11"]
[EventCountry "IND"]
[SourceTitle "EXT 2017"]
[Source "ChessBase"]
[SourceDate "2016.10.25"]
[SourceVersion "1"]
[SourceVersionDate "2016.10.25"]
[SourceQuality "1"]

1. e4 c5 2. Nf3 e6 3. b3 d6 4. Bb2 Nf6 5. Bd3 d5 6. exd5 Nxd5 7. Bb5+ Nd7 8. 0-0 a6 9. Bc4 N5f6 10. Re1 Be7 11. Nc3 b5 12. Bd3 Bb7 13. Qe2 0-0 14. a4 b4 15. Nd1 Re8 16. Ne3 Nd5 17. Nxd5 Bxd5 18. Bc4 Nb6 19. Bxd5 Nxd5 20. Rad1 Nb6 21. Ne5 Qc7 22. d4 cxd4 23. Rxd4 f6 24. Nf3 e5 25. Rd2 Bd6 26. Qe4 Rad8 27. Rde2 Nd7 28. Qg4 Nc5 29. Nh4 Qc8 30. Nf5 g6 31. Qc4+ Kh8 32. Nxd6 Rxd6 33. Qxb4 Rc6 34. Qh4 Nd7 35. Rc1 Nc5 36. Re3 Rd8 37. Qh3 Qc7 38. Ba3 Ne6 39. c3 Nf4 40. Qf3 e4 41. Rxe4 Nd3 42. Rd1 f5 43. Re7 1-0

[Event "IND-ch U13 Girls"]
[Site "Gujarath"]
[Date "2016.07.24"]
[Round "4"]
[White "Bhagyashree, Patil"]
[Black "Shanya, Mishra"]
[Result "1-0"]
[WhiteElo "1484"]
[BlackElo "1804"]
[PlyCount "85"]
[EventDate "2016.07.22"]
[EventType "swiss"]
[EventRounds "11"]
[EventCountry "IND"]
[SourceTitle "EXT 2017"]
[Source "ChessBase"]
[SourceDate "2016.10.25"]
[SourceVersion "1"]
[SourceVersionDate "2016.10.25"]
[SourceQuality "1"]

1. e4 c5 2. Nf3 e6 3. d4 cxd4 4. Nxd4 Nc6 5. Nc3 Qc7 6. Be3 a6 7. Bd3 Nf6 8. Qd2 b5 9. a3 Bb7 10. f3 Be7 11. 0-0 0-0 12. Rad1 d6 13. Qf2 Ne5 14. Qg3 Kh8 15. Kh1 Nc4 16. Bxc4 bxc4 17. Nce2 Rab8 18. b3 Bc8 19. b4 e5 20. Nf5 Bxf5 21. exf5 Qc8 22. Qh3 a5 23. c3 axb4 24. axb4 Ra8 25. Bg5 Qc6 26. Ng3 d5 27. Rfe1 Qd6 28. Bxf6 Bxf6 29. Ne4 Qc6 30. Nxf6 gxf6 31. Qh6 Rg8 32. Rxe5 d4 33. cxd4 c3 34. Rc5 Qd6 35. Rxc3 Ra2 36. g3 Re8 37. Re3 Rxe3 38. Qxe3 Qxb4 39. Qh6 Qd6 40. Rd2 Ra1+ 41. Kg2 Kg8 42. Re2 Ra8 43. Re4 1-0